| 000 | 00906nam a22002057a 4500 | ||
|---|---|---|---|
| 999 |
_c8471 _d8471 |
||
| 003 | AR-CdUCM | ||
| 008 | 190325b ||||| |||| 00| 0 spa d | ||
| 040 |
_aMUNICIPALIDAD PROVINCIAL DEL CUSCO _cBIBLIOTECA MUNICIPAL DEL CUSCO |
||
| 082 |
_a335.4 / _bV48 |
||
| 100 |
_aVerdu, Pablo Lucas _923760 |
||
| 245 | _aEstado liberal de derecho y estado social de derecho / | ||
| 260 |
_aMadrid : _bUniversidad de Salamanca, _c1955 |
||
| 300 |
_a80 paginas ; _c24 cm. |
||
| 505 | _aContenido : El problema del estado de derecho -- Del rule of law al welfare state -- La crisis del liberalismo en los Estados Unidos de América -- La crisis del estado liberal de derecho en las democracias occidentales -- La constitucionlaización del estado social de derecho... | ||
| 650 |
_aEstado y Derecho _98242 |
||
| 650 |
_aLiberalismo _91985 |
||
| 650 |
_aEstado social _923761 |
||
| 942 |
_2ddc _cLIBROS |
||
| 945 | _awnts | ||